Planes de recreación para la comunidad moderna

Saved in:
Bibliografiske detaljer
Hovedforfatter: Danford, Howard G (Author)
Format: Bog
Sprog:spansk
Udgivet: Buenos Aires Bibliográfica Omeba 1966
Fag:
Tags: Tilføj Tag
Ingen Tags, Vær først til at tagge denne postø!

MARC

LEADER 00000nam a2200000 a 4500
001 UCU0430
003 CL-VaPUC
008 960322e19660000AG |||||||||||||||||spa|d
082 0 4 |a 306.48  |b DAN  |2 21 
100 0 |a Danford, Howard G  |e author  |9 355569 
245 1 0 |a Planes de recreación para la comunidad moderna 
300 |a 417 p 
942 |c BK 
945 |d 19960322 00:00:00  |a cmena 
260 |a Buenos Aires  |b Bibliográfica Omeba  |c 1966 
650 7 |a RECREACION  |2 CL-VaPUC  |9 355570 
650 0 |a Comunidades  |9 337024 
650 0 |a Deportes  |9 224367 
650 0 |a Sociología de la educación   |9 260380 
650 7 |a TRABAJO SOCIAL CON NIÑOS  |2 CL-VaPUC  |9 260382 
650 7 |a PROGRAMAS DE RECREACION SOCIAL  |2 CL-VaPUC  |9 355571 
583 |a last modification  |c 19960322 00:00:00  |k Rodrigo Vera 
999 |c 245285  |d 245283 
952 |0 0  |1 0  |4 0  |6 306_480000000000000_DAN_1966  |7 0  |8 P  |9 259748  |a BIBEDU  |b BIBEDU  |c BIBEDU_PB  |d 2019-11-19  |i 1634143  |o 306.48 DAN 1966  |p 1634143  |r 2024-01-25  |w 2019-11-19  |y BK  |k EDU 
952 |0 0  |1 0  |4 0  |6 306_480000000000000_DAN_1966  |7 0  |8 P  |9 259749  |a BIBEDU  |b BIBEDU  |c BIBEDU_PB  |d 2019-11-19  |i 1634089  |o 306.48 DAN 1966  |p 1634089  |r 2024-01-25  |w 2019-11-19  |y BK  |k EDU